Emprendedores sociales (Registro nro. 792)

Detalles MARC
000 -LEADER
fixed length control field 01436 a2200241 4500
001 - CONTROL NUMBER
control field 21243
005 - DATE AND TIME OF LATEST TRANSACTION
control field 20260407155503.0
008 - FIXED-LENGTH DATA ELEMENTS--GENERAL INFORMATION
fixed length control field 260407a2012 arg spa d
003 - CONTROL NUMBER IDENTIFIER
control field AR-UNSa-BCEJYS
040 ## - CATALOGING SOURCE
Original cataloging agency AR-UNSa-BCEJYS
Language of cataloging spa
Transcribing agency AR-UNSa-BCEJYS
080 ## - UNIVERSAL DECIMAL CLASSIFICATION NUMBER
Universal Decimal Classification number 304.9
Common auxiliary subdivision Crítica de la situación social. Planes para la mejora de la sociedad. Utopías sociales
020 ## - INTERNATIONAL STANDARD BOOK NUMBER
International Standard Book Number 978-987-1826-05-6
100 1# - MAIN ENTRY--PERSONAL NAME
Personal name Kliksberg, Bernardo
245 10 - TITLE STATEMENT
Title Emprendedores sociales
Name of part/section of a work los que hacen la diferencia
250 ## - EDITION STATEMENT
Edition statement 2a. ed.
264 #1 - PRODUCTION, PUBLICATION, DISTRIBUTION, MANUFACTURE, AND COPYRIGHT NOTICE
Place of production, publication, distribution, manufacture Buenos Aires :
Name of producer, publisher, distributor, manufacturer Temas Grupo Editorial
Date of production, publication, distribution, manufacture, or copyright notice 2012
300 ## - PHYSICAL DESCRIPTION
Extent 190 p.
Dimensions 20 cm.
505 ## - FORMATTED CONTENTS NOTE
Formatted contents note 1. Los desafíos abiertos - 2. La disparada de la desigualdades - 3. ¿Qué causo la crisis? - 4. El rol de los emprendedores sociales - 5. ¿Qué es un emprendedor social? - 6. ¿Qué hace un emprendedor social? - 7. ¿Qué competencias debe tener el emprendedor social? - 8. Creando valor a través de las alianzas estratégicas - 9. Problemas estratégicos en formación de emprendedores sociales - 10. ¿Dondé enseñar emprendedurismo social? - 11. ¿Cómo formar emprendedores sociales en América Latina? - 12. Un curriculum tentativo para formar emprendedores sociales - 13. Una nota final
590 ## - LOCAL NOTE (RLIN)
Local note niveau_biblio:m niveau_hierar:0
700 1# - ADDED ENTRY--PERSONAL NAME
Personal name Fundación Cláritas
856 41 - ELECTRONIC LOCATION AND ACCESS
Uniform Resource Identifier <a href="https://biblioeco.unsa.edu.ar/pmb/images/libros/Emprendedores Sociales.jpg">https://biblioeco.unsa.edu.ar/pmb/images/libros/Emprendedores Sociales.jpg</a>
Link text Imagen de portada
Electronic format type image/jpeg
942 ## - ADDED ENTRY ELEMENTS (KOHA)
Koha item type
Existencias
Withdrawn status Lost status Damaged status Not for loan Home library Current library Shelving location Date acquired Total checkouts Full call number Barcode Date last seen Price effective from Koha item type
        Biblioteca Prof. Eusebio Cleto del Rey Biblioteca Prof. Eusebio Cleto del Rey   07/04/2026   304.9 K65 2ed. L119236 07/04/2026 07/04/2026 Libro
        Biblioteca Prof. Eusebio Cleto del Rey Biblioteca Prof. Eusebio Cleto del Rey   07/04/2026   304.9 K65 2ed. L119237 07/04/2026 07/04/2026 Libro